000 01512nam a22002297a 4500
010 _aA-590643
020 _c150.00
035 _aA-590643
037 _bCen Lib / Ret
040 _aDPL
_bHN
082 _a181.42
_bउदय
100 _aउदयवीर शास्त्री
245 _aउदयबीर शास्त्री ग्रन्थावली /
_cउदयवीर शास्त्री
246 _aUdaybeer Shastri granthawali /
_bUdaybeer Shastri
260 _aदिल्ली
_bगोबिन्दराम हसानन्द
_c1991
270 _a4408, नई सड़क दिल्ली
_b110006
300 _a11 v ; v.1. 575 ; v 2. v 3. 351 ; v 4. ; v 5. 1006 ; v 6. 766 ; v 7. 704 ; v 8. 533 ; v 9. 671. v 10. 463 ; v 11. 505
_b24cm(Hb)
505 _aV 1. न्यायदर्शन भाष्य ; v 2. वैशेषिकदर्शन भाष्य ; v 3. सांख्यदर्शन भाष्य ; v 4. योगदर्शन भाष्य ; v 5. मीमांसादर्शन भाष्य ; v 6. ब्रहसूत्र-विधोदय भाष्यम् ; v 7. सांख्यदर्शन का इतिहास ; v 8 सांख्यसिद्धान्त ; v 9. प्राचीन सांख्य-सन्दर्भ ; v 11 वीर तरंगणी.
650 _aPhilosophy
650 _aHindu religions
942 _2ddc
_cHN
_h181
_mउदय
999 _c122121
_d122121